000 00434nam a22001337a 4500
040 _cNUST
082 _a519.5
_bSPI
100 _aLipschutz ,Seymour
_98529
110 _aSchiller ,John
_9123318
245 _aSchaum's Outline of Theory and problems:
_bIntroduction Probability and Statistics:
260 _aLahore:
_bNational Book Foundation,
_c2000.
650 _aIntroduction Probability and Statistics ,
_9123319
942 _2ddc
_cBK
999 _c609544
_d609544